| 000 | 00397nam a2200145Ia 4500 | ||
|---|---|---|---|
| 008 | 230917s9999||||xx |||||||||||||| ||und|| | ||
| 040 |
_e210241 _aMAIN |
||
| 041 | _aEnglish | ||
| 082 | _a515.243 J768A | ||
| 100 | _aJorgensen, Palle E. T | ||
| 245 | 0 | _aAnalysis and probability Wavelets, sisnals, Fractals | |
| 260 |
_aNew Delhi _bSpringer(India) _c2011 |
||
| 300 | _axiii, 276 p. | ||
| 942 | _cBK | ||
| 999 |
_c175113 _d175113 |
||